Semester Test Review Quiz Stats

 Plays Quiz not verified by Sporcle

Challenge
Share
Tweet
Embed
Score 0/20 Timer 10:00
0 Plays Today
% Correct
Setting
88.6%
Protagonist
86.7%
Imagery
85.7%
Point of view
85.7%
Antagonist
84.8%
Theme
83.8%
Dialogue
81.9%
Inference
81%
Mood
80%
Bias
79%
% Correct
Symbol
77.1%
Tone
76.2%
Plot
76.2%
Anecdote
68.6%
Diction
66.7%
Denotation
61%
Allusion
61%
Objective
59%
Subjective
59%
Connotation
54.3%

You're not logged in!

Compare scores with friends on all Sporcle quizzes.
Join for Free
OR
Log In

You Might Also Like...

Show Comments

Extras

Top Quizzes Today


Score Distribution

Your Account Isn't Verified!

In order to create a playlist on Sporcle, you need to verify the email address you used during registration. Go to your Sporcle Settings to finish the process.

Report this User

Report this user for behavior that violates our Community Guidelines.

Details: